Online katalóg knižníc regiónu Turca

V lese (Record no. 21353)

MARC details
000 -LEADER
fixed length control field 02482cam a2200709 a 4500
001 - CONTROL NUMBER
control field 21353
003 - CONTROL NUMBER IDENTIFIER
control field VRT
005 - DATE AND TIME OF LATEST TRANSACTION
control field 20260227151126.0
008 - FIXED-LENGTH DATA ELEMENTS--GENERAL INFORMATION
fixed length control field 240314s2012 xo a a 000 0 slo
015 ## - NATIONAL BIBLIOGRAPHY NUMBER
National bibliography number SNBA2012/08-04723
020 ## - INTERNATIONAL STANDARD BOOK NUMBER
International Standard Book Number 9788055128627
Qualifying information (viaz.)
035 ## - SYSTEM CONTROL NUMBER
System control number F54CBBB0-95EB-4D4D-96BA-38D2E2E37891
035 ## - SYSTEM CONTROL NUMBER
System control number urn:nbn:sk:snk-amjy1r
035 ## - SYSTEM CONTROL NUMBER
System control number urn:nbn:sk:snk-am007xup
039 #9 - LEVEL OF BIBLIOGRAPHIC CONTROL AND CODING DETAIL [OBSOLETE]
Level of rules in bibliographic description 202403141136
Level of effort used to assign nonsubject heading access points VLOAD
Level of effort used to assign subject headings 202208091316
Level of effort used to assign classification msvkbb03
Level of effort used to assign subject headings 201511121727
Level of effort used to assign classification VLOAD
Level of effort used to assign subject headings 201507071645
Level of effort used to assign classification VLOAD
040 ## - CATALOGING SOURCE
Original cataloging agency SVKBB
Language of cataloging slo
Transcribing agency SVKBB
Modifying agency SNK
Description conventions AACR2
041 1# - LANGUAGE CODE
Language code of text/sound track or separate title slo
Language code of original ger
044 ## - COUNTRY OF PUBLISHING/PRODUCING ENTITY CODE
MARC country code xo
ISO country code SK
072 #7 - SUBJECT CATEGORY CODE
Subject category code 591
Subject category code subdivision Všeobecná zoológia
Source konspekt
072 #7 - SUBJECT CATEGORY CODE
Subject category code 0/9-053.2
Subject category code subdivision Literatúra pre deti a mládež (náučná)
Source konspekt
080 ## - UNIVERSAL DECIMAL CLASSIFICATION NUMBER
Universal Decimal Classification number 591.9:630
Edition identifier 2001
080 ## - UNIVERSAL DECIMAL CLASSIFICATION NUMBER
Universal Decimal Classification number 630.1
Edition identifier 2001
080 ## - UNIVERSAL DECIMAL CLASSIFICATION NUMBER
Universal Decimal Classification number 591.5
Edition identifier 2001
080 ## - UNIVERSAL DECIMAL CLASSIFICATION NUMBER
Universal Decimal Classification number (084.11)
Edition identifier 2001
080 ## - UNIVERSAL DECIMAL CLASSIFICATION NUMBER
Universal Decimal Classification number (0.053.2)
Edition identifier 2001
080 ## - UNIVERSAL DECIMAL CLASSIFICATION NUMBER
Universal Decimal Classification number 581.526.42
Edition identifier 2001
100 1# - MAIN ENTRY--PERSONAL NAME
Personal name Noa, Sandra,
Dates associated with a name 1978-
Relationship aut
240 10 - UNIFORM TITLE
Uniform title Im Wald
Language of a work Slovensky
245 10 - TITLE STATEMENT
Title V lese
Remainder of title [otvor vyše 40 okienok a objavuj!]
Statement of responsibility, etc. [text: Sandra Noa ; z nemeckého originálu preložila Adela Orémusová ; ilustrácie Sandra Menke]
250 ## - EDITION STATEMENT
Edition statement 1. vyd.
260 ## - PUBLICATION, DISTRIBUTION, ETC.
Place of publication, distribution, etc. Bratislava
Name of publisher, distributor, etc. Ikar
Date of publication, distribution, etc. 2012
300 ## - PHYSICAL DESCRIPTION
Extent [24] s.
Other physical details fareb. ilustr.
Dimensions 28 cm
490 1# - SERIES STATEMENT
Series statement Bystrá hlavička!
490 1# - SERIES STATEMENT
Series statement Spoznávaj
500 ## - GENERAL NOTE
General note Kartónové listy s otváracími okienkami
500 ## - GENERAL NOTE
General note Náz. z obalu
521 1# - TARGET AUDIENCE NOTE
Target audience note Pre dievčatá a chlapcov od 4 rokov
650 07 - SUBJECT ADDED ENTRY--TOPICAL TERM
Topical term or geographic name entry element lesné živočíchy
Source of heading or term SNKPH
650 07 - SUBJECT ADDED ENTRY--TOPICAL TERM
Topical term or geographic name entry element lesné ekosystémy
Source of heading or term SNKPH
650 07 - SUBJECT ADDED ENTRY--TOPICAL TERM
Topical term or geographic name entry element ekológia lesa
Source of heading or term SNKPH
650 07 - SUBJECT ADDED ENTRY--TOPICAL TERM
Topical term or geographic name entry element Forest animals
Source of heading or term SNKPHeng
650 07 - SUBJECT ADDED ENTRY--TOPICAL TERM
Topical term or geographic name entry element Forests ecosystems
Source of heading or term SNKPHeng
650 07 - SUBJECT ADDED ENTRY--TOPICAL TERM
Topical term or geographic name entry element Forest ecology
Source of heading or term SNKPHeng
650 07 - SUBJECT ADDED ENTRY--TOPICAL TERM
Topical term or geographic name entry element ekológia živočíchov
Source of heading or term SNKPH
650 07 - SUBJECT ADDED ENTRY--TOPICAL TERM
Topical term or geographic name entry element Animal ecology
Source of heading or term SNKPHeng
655 #7 - INDEX TERM--GENRE/FORM
Genre/form data or focus term populárno-náučné publikácie
Source of term SNKPH
655 #7 - INDEX TERM--GENRE/FORM
Genre/form data or focus term publikácie pre deti
Source of term SNKPH
655 #7 - INDEX TERM--GENRE/FORM
Genre/form data or focus term Popular works
Source of term SNKPHeng
655 #7 - INDEX TERM--GENRE/FORM
Genre/form data or focus term Children's literature
Source of term SNKPHeng
700 1# - ADDED ENTRY--PERSONAL NAME
Personal name Orémusová, Adela
Relationship trl
700 1# - ADDED ENTRY--PERSONAL NAME
Personal name Menke, Sandra,
Dates associated with a name 1972-
Relationship ill
830 #0 - SERIES ADDED ENTRY--UNIFORM TITLE
Uniform title Spoznávaj
830 #0 - SERIES ADDED ENTRY--UNIFORM TITLE
Uniform title Bystrá hlavička!
942 ## - ADDED ENTRY ELEMENTS (KOHA)
Source of classification or shelving scheme Dewey Decimal Classification
Koha item type Odborná literatúra pre deti
Suppress in OPAC No
949 ## - LOCAL PROCESSING INFORMATION (OCLC)
6 270001000399537
a svkbbC 56205
b svkbbm 727814
949 ## - LOCAL PROCESSING INFORMATION (OCLC)
6 17A0954773
a snkSB 83070
b snk2012/11851
o 1351/12
s 6100:20140925
949 ## - LOCAL PROCESSING INFORMATION (OCLC)
6 17A0954774
a snkSB 83070 D1
b snk2012/11852
o 1351/12
980 ## - EQUIVALENCE OR CROSS-REFERENCE-SERIES STATEMENT--PERSONAL NAME/TITLE [LOCAL, CANADA]
Personal name 087.5
980 ## - EQUIVALENCE OR CROSS-REFERENCE-SERIES STATEMENT--PERSONAL NAME/TITLE [LOCAL, CANADA]
Personal name (084.11)
980 ## - EQUIVALENCE OR CROSS-REFERENCE-SERIES STATEMENT--PERSONAL NAME/TITLE [LOCAL, CANADA]
Personal name (0.062)
Holdings
Stav vyradenia Strata Poškodenie Spôsob nadobudnutia Domovská knižnica Aktuálna knižnica Dátum nadobudnutia Total checkouts Čiarový kód exemplára Date last seen Typ exemplára
      Dar Obecná knižnica Horná Štubňa Obecná knižnica Horná Štubňa 27.02.2026   9788055128627 27.02.2026 Odborná literatúra pre deti
Projekt je podporený Slovenskou asociáciou knižníc
Prevádzkuje Turčianska knižnica Martin 2026